The Clinton tapes : (Record no. 15078)

000 -LEADER
fixed length control field 03396cam a2200433 a 4500
001 - CONTROL NUMBER
control field 15950812
005 - DATE AND TIME OF LATEST TRANSACTION
control field 20170105102910.0
008 - FIXED-LENGTH DATA ELEMENTS--GENERAL INFORMATION
fixed length control field 091019s2009 nyua 001 0beng d
010 ## - LIBRARY OF CONGRESS CONTROL NUMBER
LC control number 2009502213
020 ## - INTERNATIONAL STANDARD BOOK NUMBER
International Standard Book Number 9781416543336
020 ## - INTERNATIONAL STANDARD BOOK NUMBER
International Standard Book Number 9781416594345 (ebook)
020 ## - INTERNATIONAL STANDARD BOOK NUMBER
International Standard Book Number 1416543333
035 ## - SYSTEM CONTROL NUMBER
System control number (OCoLC)ocn426526433
040 ## - CATALOGING SOURCE
Original cataloging agency UPZ
Transcribing agency UPZ
Modifying agency ZPP
-- BWX
-- EINCP
-- YDXCP
-- DPL
-- OCLCQ
-- TOL
-- DLC
042 ## - AUTHENTICATION CODE
Authentication code lccopycat
043 ## - GEOGRAPHIC AREA CODE
Geographic area code n-us---
050 00 - LIBRARY OF CONGRESS CALL NUMBER
Classification number E886
Item number .B73 2009
082 04 - DEWEY DECIMAL CLASSIFICATION NUMBER
Classification number 973.929092
Edition number 22
100 1# - MAIN ENTRY--PERSONAL NAME
Personal name Branch, Taylor.
245 14 - TITLE STATEMENT
Title The Clinton tapes :
Remainder of title wrestling history with the president /
Statement of responsibility, etc. Taylor Branch.
250 ## - EDITION STATEMENT
Edition statement 1st Simon & Schuster hardcover ed.
260 ## - PUBLICATION, DISTRIBUTION, ETC.
Place of publication, distribution, etc. New York :
Name of publisher, distributor, etc. Simon & Schuster,
Date of publication, distribution, etc. 2009.
300 ## - PHYSICAL DESCRIPTION
Extent x, 707 p. :
Other physical details ill. ;
Dimensions 25 cm.
504 ## - BIBLIOGRAPHY, ETC. NOTE
Bibliography, etc. note Includes index.
505 0# - FORMATTED CONTENTS NOTE
Formatted contents note Twin recorders -- Reunion -- Truman balcony -- Culture clashes: from Bosnia to a haircut -- Passages: NAFTA, China, Whitewater -- Mother's death and the special prosecutor -- Clinton and the press -- Missiles in Baghdad -- Supreme Court choices -- Foreign travels -- Hillary's dream -- Haiti: the brink of war -- Yeltsin and the Gingrich revolution -- Tirades: "I really let them have it" -- Bailout, bombs, and recovery -- Oklahoma City -- Girding for showdown -- Pope John Paul II: "Tell me how you see the world" -- Murder of Rabin -- Triumph and fury: "You live to have only a few days like that" -- Family feuds: from Greenspan to Saddam Hussein -- Primary season -- Terrorism, welfare reform, and the Chicago convention -- Reelection 1996 -- Bittersweet renewal -- Whitewater tapes: on the high wire -- "I think they're pretty good rumors" -- Jones case -- Chinese land mines-- Buddy and Socks -- Lewinsky -- Impeached -- Trial -- Kosovo, Columbine, and Kashimir -- To the Millennium: peacemakers and treason -- On to New Hampshire -- Camp David -- Jerusalem and the three Ps -- Deadlock 200: "This election is tight as a tick" -- Farewell.
520 ## - SUMMARY, ETC.
Summary, etc. While still a sitting president, Bill Clinton initiated a project to preserve for historians an unfiltered record of presidential experience. Clinton talks intimately over seven years to his long-time friend, a Pulitzer Prize-winning historian, about what it's like to be president, highlighting major events from Clinton's two terms, including war in Bosnia, the anti-deficit crusade, health reform failure, anti-terrorist strikes, peace initiatives, the 1996 re-election campaign, and Whitewater investigations culminating in his 1999 impeachment trial.--Publisher description.
600 10 - SUBJECT ADDED ENTRY--PERSONAL NAME
Personal name Clinton, Bill,
Dates associated with a name 1946-
General subdivision Political and social views.
600 10 - SUBJECT ADDED ENTRY--PERSONAL NAME
Personal name Clinton, Bill,
Dates associated with a name 1946-
Form subdivision Interviews.
650 #0 - SUBJECT ADDED ENTRY--TOPICAL TERM
Topical term or geographic name entry element Presidents
Geographic subdivision United States
Form subdivision Biography.
650 #0 - SUBJECT ADDED ENTRY--TOPICAL TERM
Topical term or geographic name entry element Presidents
Geographic subdivision United States
Form subdivision Interviews.
650 #0 - SUBJECT ADDED ENTRY--TOPICAL TERM
Topical term or geographic name entry element Reporters and reporting
Geographic subdivision United States.
651 #0 - SUBJECT ADDED ENTRY--GEOGRAPHIC NAME
Geographic name United States
General subdivision Politics and government
Chronological subdivision 1993-2001.
856 42 - ELECTRONIC LOCATION AND ACCESS
Materials specified Contributor biographical information
Uniform Resource Identifier <a href="http://www.loc.gov/catdir/enhancements/fy1001/2009502213-b.html">http://www.loc.gov/catdir/enhancements/fy1001/2009502213-b.html</a>
856 42 - ELECTRONIC LOCATION AND ACCESS
Materials specified Publisher description
Uniform Resource Identifier <a href="http://www.loc.gov/catdir/enhancements/fy1001/2009502213-d.html">http://www.loc.gov/catdir/enhancements/fy1001/2009502213-d.html</a>
856 41 - ELECTRONIC LOCATION AND ACCESS
Materials specified Sample text
Uniform Resource Identifier <a href="http://www.loc.gov/catdir/enhancements/fy1001/2009502213-s.html">http://www.loc.gov/catdir/enhancements/fy1001/2009502213-s.html</a>
906 ## - LOCAL DATA ELEMENT F, LDF (RLIN)
a 7
b cbc
c copycat
d 2
e ncip
f 20
g y-gencatlg
942 ## - ADDED ENTRY ELEMENTS (KOHA)
Source of classification or shelving scheme
Koha item type Book
Holdings
Withdrawn status Lost status Damaged status Not for loan Collection code Permanent Location Current Location Shelving location Date acquired Total Checkouts Full call number Barcode Date last seen Price effective from Koha item type
          Centre for International Peace & Stability (CIPS) Centre for International Peace & Stability (CIPS) General Stacks 10/01/2013   973.929092 BRA 2009 CIPS0001532 10/28/2013 10/28/2013 Book
© 2023 Central Library, National University of Sciences and Technology. All Rights Reserved.